Robert Louis Stevenson's Kidnapped, or, The lad with the silver button : the original text /

Bibliographic Details
Main Author: Stevenson, Robert Louis, 1850-1894
Other Authors: Menikoff, Barry
Format: Book
Language:English
Published: San Marino, Calif. : Huntington Library, [1999]
Subjects:

MARC

Tag First Indicator Second Indicator Subfields
LEADER 00000cam a2200000 a 4500
001 in00001584413
005 20151022163849.0
008 981120s1999 cauab b 000 1 eng
010 |a  98053039  
020 |a 0873281772 (alk. paper) 
035 |a (OCoLC)ocm40423571 
040 |a DLC  |c DLC  |d TXA  |d UtOrBLW 
043 |a e-uk-st 
049 |a TXAM 
050 0 0 |a PR5484  |b .K5 1999 
082 0 0 |a 823/.8  |2 21 
100 1 |a Stevenson, Robert Louis,  |d 1850-1894. 
245 1 0 |a Robert Louis Stevenson's Kidnapped, or, The lad with the silver button :  |b the original text /  |c edited with an introduction and notes by Barry Menikoff. 
246 3 0 |a Robert Louis Stevenson's Kidnapped 
246 3 0 |a Kidnapped 
246 3 0 |a Lad with the silver button 
264 1 |a San Marino, Calif. :  |b Huntington Library,  |c [1999] 
264 4 |c ©1999 
300 |a lxvi, 334 pages :  |b illustrations, 1 map ;  |c 24 cm. 
336 |a text  |b txt  |2 rdacontent 
337 |a unmediated  |b n  |2 rdamedia 
338 |a volume  |b nc  |2 rdacarrier 
500 |a Map on lining papers. 
504 |a Includes bibliographical references (pages 279-311). 
651 0 |a Scotland  |x History  |y 18th century  |v Fiction. 
655 7 |a Historical fiction.  |2 gsafd 
700 1 |a Menikoff, Barry. 
948 |a cataloged  |b h  |c 2001/2/13  |d c  |e mphillip  |f 11:37:09 am 
994 |a E0  |b TXA 
999 |a MARS 
999 f f |s 8d88b512-5ef1-321e-8f62-4d2d20ac1a94  |i 515e0eec-3d6e-381c-bc26-cc71f5115c46  |t 0 
952 f f |p ric  |a Texas A&M University  |b Rellis Campus  |c Joint Library Facility  |d Remote Storage  |t 0  |e PR5484 .K5 1999  |h Library of Congress classification  |i unmediated -- volume  |m A14827167252 
998 f f |a PR5484 .K5 1999  |t 0  |l Remote Storage